| 000 | 00849nam a22002057a 4500 | ||
|---|---|---|---|
| 003 | OSt | ||
| 005 | 20251119153859.0 | ||
| 008 | 251119b |||||||| |||| 00| 0 eng d | ||
| 040 | _cNolita | ||
| 041 | _aPortuguês | ||
| 100 | 1 |
_aNucci, Celso, _d1945- _91651 |
|
| 245 |
_aO livro das sopas / _cCelso Nucci |
||
| 260 |
_aSão Paulo : _bCírculo do Livro, _cc1989 |
||
| 300 |
_a150 p. : _bil. ; _c21 cm |
||
| 520 | _aReunião de receitas de sopas de diferentes tradições culinárias, abrangendo preparos simples, clássicos e regionais. A obra apresenta orientações gerais de preparo, combinações de ingredientes e sugestões práticas para o dia a dia, oferecendo variedade de opções quentes e frias para diferentes ocasiões. | ||
| 650 | 0 |
_aGastronomia _97 |
|
| 650 | 0 |
_aCulinária _xSopas _9209 |
|
| 650 | 0 |
_aReceitas _912 |
|
| 942 |
_2ddc _cBK _n0 |
||
| 999 |
_c1006 _d1006 |
||